Amiel: un estudio sobre la timidez
Gorde:
| Egile nagusia: | |
|---|---|
| Formatua: | Liburua |
| Hizkuntza: | gaztelania |
| Argitaratua: |
Santiago
Cultura
1937
|
| Edizioa: | 5a. ed |
| Saila: | Colección Hombres e Ideas
|
| Gaiak: | |
| Etiketak: |
Etiketa erantsi
Etiketarik gabe, Izan zaitez lehena erregistro honi etiketa jartzen!
|
MARC
| LEADER | 00000cam a2200000 a 4500 | ||
|---|---|---|---|
| 001 | UCF8377 | ||
| 003 | CL-VaPUC | ||
| 008 | 130829e19370000cl |||||||||||||||||spa|d | ||
| 082 | 0 | 4 | |a 155.232 |b MAR |2 21 |
| 100 | |a Marañón y Posadillo, Gregorio |e autor |9 529334 | ||
| 245 | 1 | 0 | |a Amiel: un estudio sobre la timidez |
| 250 | |a 5a. ed | ||
| 300 | |a 168 p | ||
| 942 | |c BK | ||
| 945 | |d 20130829 16:45:00 |a dcastane | ||
| 260 | |a Santiago |b Cultura |c 1937 | ||
| 600 | 0 | 7 | |a AMIEL, ENRIQUE FEDERICO |2 CL-VaPUC |9 353449 |
| 650 | 0 | |a Psicología |9 257863 | |
| 650 | 0 | |a Personalidad |9 307255 | |
| 650 | 7 | |a CARACTER |2 CL-VaPUC |9 308186 | |
| 650 | 7 | |a TIMIDEZ |2 CL-VaPUC |9 470698 | |
| 583 | |a last modification |c 20130829 16:45:00 |k Rodrigo Vera | ||
| 490 | 0 | |a Colección Hombres e Ideas | |
| 999 | |c 352951 |d 352949 | ||
| 952 | |0 0 |1 0 |3 erb |4 0 |6 155_232000000000000_MAR_1937 |7 0 |8 P |9 457746 |a BIBEDU |b BIBEDU |c BIBEDU_PB |d 2019-11-23 |i 4997549 |o 155.232 MAR 1937 |p 4997549 |r 2024-01-25 |w 2019-11-23 |y BK |z Catalogado en:20130829 |k LIT | ||